| 000 | nam a22 a 4500 | ||
|---|---|---|---|
| 999 |
_c390067 _d390067 |
||
| 003 | BLK | ||
| 005 | 20221027172028.0 | ||
| 008 | 200316b bul|||||r ||||||| ||bul|| | ||
| 040 | _aBLK | ||
| 041 |
_aBUL _cBUL |
||
| 080 |
_aБългарска литература _b821.163.2 _x-9 _z821.163.2-9 |
||
| 100 |
_aПаисий Хилендарски _eпърви автор _91299 |
||
| 139 | _aПаисий Хилендарски | ||
| 245 | 1 | 0 |
_aИстория славеноболгарская _b1762 _cПаисий Хилендарски; стъкми А. Теодоров [Балан]; А. Теодоров Балан; Алексанндър Теодоров Баланн. |
| 257 | _aBGR | ||
| 260 |
_aПловдив _bХр. Г. Данов _c1898 _fПловдив : печ. Хр. Г. Данов, 1898 |
||
| 300 |
_a126 с. _c18,5 см |
||
| 380 | _aX | ||
| 490 | 1 |
_aТрем на българската словесност _vСв. 1 |
|
| 490 |
_aКолекция Редки и ценни издания _9435080 |
||
| 500 | _aПълното име на състав. А. Теодоров - Александър Теодоров. (Цена в кумул.) : 0.50 лв. | ||
| 700 |
_aБалан, А. Теодоров _eстъкмил _91435 |
||
| 700 |
_aБалан, А. Теодоров _9435251 |
||
| 852 |
_aРб 898 _bРц |
||
| 856 | 4 |
_qpdf _u |
|
| 856 | 4 |
_qpdf _u |
|
| 942 |
_cKNG _n0 _s1 _01 |
||
| 944 |
_c2020-10-14 _kВК |
||
| 999 | _d390067 | ||